000 00788nam a2200241 a 4500
001 BRCA_6251
005 20190320205402.0
008 210711s1910----u--a######---#000-0#eng-#
041 _aeng
044 _au
050 4 _aF316
_b.P32 1910
100 1 _aPackard, Winthrop
_d1862-1943
_915699
245 1 0 _aFlorida trails as seen from Jacksonville to Key West and from November to April inclusive
_cby Winthrop Packard.
260 _aBoston
_bSmall, Maynard and company
_cc1910
300 _a300 p.
_bil., fotografías
_c22 cm.
500 _aIncluye índice de ilustraciones e índice alfabético
500 _aEdición con cantos dorados
500 _aK114
650 1 4 _aHistoria natural
_910072
651 4 _aFlorida
_xDescripción y viajes
_915700
902 _aGFM
942 _2lcc
_cB
999 _c5938
_d5938